Lego Quiz (Medium) - Statistiken

Allgemein
  • Dieses Quiz wurde 7 mal gespielt
  • Das Durchschnittsergebnis liegt bei 2 aus 10
Antwortstatistiken
Hint Antwort % Korrekt
Was beinhaltet das einstige Haus Ole Kirk Christiansens heute? Museum
86%
Grund für den Stopp der Herstellung von Holzspielzeug Brand
29%
Dieses Tier gibt es unter anderem in den Farben Gelb, Rot, Pink, Schwarz Papagei
29%
Serie mit besonders kleinen Steinen für Architekten Modulex
14%
Legos Idee eines Puppenhauses war das Thema.: Homemaker
0%
Die Weltraumserie...spielte im fernen Jahr 2002 Ice Planet
0%
Hauptfigur der Serie Galidor Nick Bluetooth
0%
Rivale aus Lego Racers: Rocket Racer
0%
Eines der Berühmtesten ersten Plastikprodukte war ein: Trecker
0%
Als die Piraten herauskamen gab es in diesem Land keine funktionalen Kanonen: USA
0%
Keine übereinstimmenden Quizze gefunden
Verteilung der Resultate
Anzahl Personen mit jedem Resultat
Perzentil nach korrekt beantworteten Fragen
Ihre Resultats-Entwicklung
Sie haben dieses Quiz noch nicht gespielt